Video electronics technology
Na minha lista:
| Autor principal: | |
|---|---|
| Formato: | Livro |
| Idioma: | Undetermined |
| Publicado em: |
New York
Tab Books Inc.
1983
|
| Assuntos: | |
| Tags: |
Adicionar Tag
Sem tags, seja o primeiro a adicionar uma tag!
|
| Thư viện lưu trữ: | Trung tâm Học liệu Trường Đại học Cần Thơ |
|---|
| LEADER | 00500nam a2200193Ia 4500 | ||
|---|---|---|---|
| 001 | CTU_84031 | ||
| 008 | 210402s9999 xx 000 0 und d | ||
| 082 | |a 621.388 | ||
| 082 | |b I.54 | ||
| 100 | |a Ingram, Dave | ||
| 245 | 0 | |a Video electronics technology | |
| 245 | 0 | |c Dave Ingram | |
| 260 | |a New York | ||
| 260 | |b Tab Books Inc. | ||
| 260 | |c 1983 | ||
| 650 | |a Television | ||
| 650 | |x Amateurs' manuals | ||
| 904 | |i QHieu(sửa) | ||
| 980 | |a Trung tâm Học liệu Trường Đại học Cần Thơ | ||